MARC details
| 000 -LEADER |
| fixed length control field |
05842nam a22006135i 4500 |
| 005 - DATE AND TIME OF LATEST TRANSACTION |
| control field |
20230718140450.0 |
| 006 - FIXED-LENGTH DATA ELEMENTS--ADDITIONAL MATERIAL CHARACTERISTICS |
| fixed length control field |
m|||||o||d|||||||| |
| 007 - PHYSICAL DESCRIPTION FIXED FIELD--GENERAL INFORMATION |
| fixed length control field |
cr || |||||||| |
| 008 - FIXED-LENGTH DATA ELEMENTS--GENERAL INFORMATION |
| fixed length control field |
221201t20122012ne fo d z eng d |
| 020 ## - INTERNATIONAL STANDARD BOOK NUMBER |
| International Standard Book Number |
9789048513840 |
| 040 ## - CATALOGING SOURCE |
| Original cataloging agency |
DE-B1597 |
| Language of cataloging |
eng |
| Transcribing agency |
DE-B1597 |
| Description conventions |
rda |
| 041 0# - LANGUAGE CODE |
| Language code of text/sound track or separate title |
eng |
| 082 04 - DEWEY DECIMAL CLASSIFICATION NUMBER |
| Classification number |
791.430233092 |
| 245 00 - TITLE STATEMENT |
| Title |
Jean Epstein : |
| Remainder of title |
Critical Essays and New Translations / |
| Statement of responsibility, etc. |
ed. by Jason N. Paul, Sarah Keller. |
| 264 #1 - PRODUCTION, PUBLICATION, DISTRIBUTION, MANUFACTURE, AND COPYRIGHT NOTICE |
| Place of production, publication, distribution, manufacture |
Amsterdam : |
| Name of producer, publisher, distributor, manufacturer |
Amsterdam University Press, |
| Date of production, publication, distribution, manufacture, or copyright notice |
[2012] |
| 264 #4 - PRODUCTION, PUBLICATION, DISTRIBUTION, MANUFACTURE, AND COPYRIGHT NOTICE |
| Date of production, publication, distribution, manufacture, or copyright notice |
©2012 |
| 300 ## - PHYSICAL DESCRIPTION |
| Extent |
1 online resource (440 p.) : |
| Other physical details |
25 halftones |
| 336 ## - CONTENT TYPE |
| Content type term |
text |
| Content type code |
txt |
| Source |
rdacontent |
| 337 ## - MEDIA TYPE |
| Media type term |
computer |
| Media type code |
c |
| Source |
rdamedia |
| 338 ## - CARRIER TYPE |
| Carrier type term |
online resource |
| Carrier type code |
cr |
| Source |
rdacarrier |
| 347 ## - DIGITAL FILE CHARACTERISTICS |
| File type |
text file |
| Encoding format |
PDF |
| Source |
rda |
| 490 0# - SERIES STATEMENT |
| Series statement |
Film Theory in Media History |
| 505 00 - FORMATTED CONTENTS NOTE |
| Title |
Frontmatter -- |
| -- |
Table of Contents -- |
| -- |
Acknowledgments -- |
| -- |
Abbreviations -- |
| -- |
Preface -- |
| -- |
Introduction. Jean Epstein and the Revolt of Cinema -- |
| -- |
Essays -- |
| -- |
Epstein's Photogénie as Corporeal Vision: Inner Sensation, Queer Embodiment, and Ethics -- |
| -- |
Novelty and Poiesis in the Early Writings of Jean Epstein -- |
| -- |
The Cinema of the Kaleidoscope -- |
| -- |
Distance is [Im]material: Epstein Versus Etna -- |
| -- |
"The Supremacy of the Mathematical Poem": Jean Epstein's Conceptions of Rhythm -- |
| -- |
The "Microscope of Time": Slow Motion in Jean Epstein's Writings -- |
| -- |
A Different Nature -- |
| -- |
Cinema Seen from the Seas: Epstein and the Oceanic -- |
| -- |
A Temporal Perspective: Jean Epstein's Writings on Technology and Subjectivity -- |
| -- |
Ultra-Modern: Jean Epstein, or Cinema "Serving the Forces of Transgression and Revolt" -- |
| -- |
Thoughts on Photogénie Plastique -- |
| -- |
Translations -- |
| -- |
Introduction: Epstein's Writings -- |
| -- |
La Poésie d'aujourd'hui, un nouvel état d'intelligence (1921) -- |
| -- |
Bonjour Cinéma (1921) -- |
| -- |
La Lyrosophie (1922) -- |
| -- |
Le Cinématographe vu de l'Etna (1926) -- |
| -- |
L'intelligence d'une machine (1946) -- |
| -- |
Le Cinéma du diable (1947) -- |
| -- |
Later Works -- |
| -- |
Late Articles -- |
| -- |
Afterword: Reclaiming Jean Epstein -- |
| -- |
Filmography -- |
| -- |
Select Bibliography -- |
| -- |
Notes on Contributors -- |
| -- |
Index of Names -- |
| -- |
Index of Films and Major Writings by Jean Epstein -- |
| -- |
Index of Films |
| 506 0# - RESTRICTIONS ON ACCESS NOTE |
| Standardized terminology for access restriction |
unrestricted online access |
| Source of term |
star |
| 520 ## - SUMMARY, ETC. |
| Summary, etc. |
Although early film buffs may be familiar with Jean Epstein's films, including an adaptation of Edgar Allan Poe's The Fall of the House of Usher, not many Anglophones are acquainted with his poetic and provocative prose. Gathered in this wide-ranging collection are new translations into English of every major theoretical work on film theory Epstein ever published, as well a series of essays by other film makers and scholars of art history, French studies, and film, which provide incisive commentary and essential context for Epstein as both a director and a theoretician. As a result, Jean Epstein: Critical Essays and New Translations provides an expansive account of the artist and the man, from his beginnings as a student of biology and aspiring poet to his late film projects and posthumously published writings. By both connecting Epstein to his era and offering contemporary criticism of his films, the essays in this book demonstrate his ongoing importance in film history and theory. This collection is a timely reexamination of a filmmaker and author who has much to offer modern audiences and readers. |
| 538 ## - SYSTEM DETAILS NOTE |
| System details note |
Mode of access: Internet via World Wide Web. |
| 540 ## - TERMS GOVERNING USE AND REPRODUCTION NOTE |
| Terms governing use and reproduction |
This eBook is made available Open Access under a CC BY-NC-ND 4.0 license: |
| Uniform Resource Identifier |
<a href="https://creativecommons.org/licenses/by-nc-nd/4.0https://www.aup.nl/en/publish/open-access">https://creativecommons.org/licenses/by-nc-nd/4.0https://www.aup.nl/en/publish/open-access</a> |
| 546 ## - LANGUAGE NOTE |
| Language note |
In English. |
| 588 0# - SOURCE OF DESCRIPTION NOTE |
| Source of description note |
Description based on online resource; title from PDF title page (publisher's Web site, viewed 01. Dez 2022) |
| 650 #0 - SUBJECT ADDED ENTRY--TOPICAL TERM |
| Topical term or geographic name entry element |
Epstein, Jean, -- 1897-1953 -- Criticism and interpretation. |
| 650 #0 - SUBJECT ADDED ENTRY--TOPICAL TERM |
| Topical term or geographic name entry element |
Motion pictures -- France. |
| 650 #7 - SUBJECT ADDED ENTRY--TOPICAL TERM |
| Topical term or geographic name entry element |
PERFORMING ARTS / General. |
| Source of heading or term |
bisacsh |
| 700 1# - ADDED ENTRY--PERSONAL NAME |
| Personal name |
Abel, Richard, |
| Relator term |
contributor. |
| Relator code |
ctb |
| -- |
https://id.loc.gov/vocabulary/relators/ctb |
| 700 1# - ADDED ENTRY--PERSONAL NAME |
| Personal name |
Brenez, Nicole, |
| Relator term |
contributor. |
| Relator code |
ctb |
| -- |
https://id.loc.gov/vocabulary/relators/ctb |
| 700 1# - ADDED ENTRY--PERSONAL NAME |
| Personal name |
Bullot, Érik, |
| Relator term |
contributor. |
| Relator code |
ctb |
| -- |
https://id.loc.gov/vocabulary/relators/ctb |
| 700 1# - ADDED ENTRY--PERSONAL NAME |
| Personal name |
Cortade, Ludovic, |
| Relator term |
contributor. |
| Relator code |
ctb |
| -- |
https://id.loc.gov/vocabulary/relators/ctb |
| 700 1# - ADDED ENTRY--PERSONAL NAME |
| Personal name |
Guido, Laurent, |
| Relator term |
contributor. |
| Relator code |
ctb |
| -- |
https://id.loc.gov/vocabulary/relators/ctb |
| 700 1# - ADDED ENTRY--PERSONAL NAME |
| Personal name |
Gunning, Tom, |
| Relator term |
contributor. |
| Relator code |
ctb |
| -- |
https://id.loc.gov/vocabulary/relators/ctb |
| 700 1# - ADDED ENTRY--PERSONAL NAME |
| Personal name |
Keller, Sarah, |
| Relator term |
contributor. |
| Relator code |
ctb |
| -- |
https://id.loc.gov/vocabulary/relators/ctb |
| 700 1# - ADDED ENTRY--PERSONAL NAME |
| Personal name |
Keller, Sarah, |
| Relator term |
editor. |
| Relator code |
edt |
| -- |
http://id.loc.gov/vocabulary/relators/edt |
| 700 1# - ADDED ENTRY--PERSONAL NAME |
| Personal name |
Kirtland, Katie, |
| Relator term |
contributor. |
| Relator code |
ctb |
| -- |
https://id.loc.gov/vocabulary/relators/ctb |
| 700 1# - ADDED ENTRY--PERSONAL NAME |
| Personal name |
Liebman, Stuart, |
| Relator term |
contributor. |
| Relator code |
ctb |
| -- |
https://id.loc.gov/vocabulary/relators/ctb |
| 700 1# - ADDED ENTRY--PERSONAL NAME |
| Personal name |
Lundemo, Trond, |
| Relator term |
contributor. |
| Relator code |
ctb |
| -- |
https://id.loc.gov/vocabulary/relators/ctb |
| 700 1# - ADDED ENTRY--PERSONAL NAME |
| Personal name |
Moore, Rachel, |
| Relator term |
contributor. |
| Relator code |
ctb |
| -- |
https://id.loc.gov/vocabulary/relators/ctb |
| 700 1# - ADDED ENTRY--PERSONAL NAME |
| Personal name |
Paul, Jason N., |
| Relator term |
editor. |
| Relator code |
edt |
| -- |
http://id.loc.gov/vocabulary/relators/edt |
| 700 1# - ADDED ENTRY--PERSONAL NAME |
| Personal name |
Schneider, James, |
| Relator term |
contributor. |
| Relator code |
ctb |
| -- |
https://id.loc.gov/vocabulary/relators/ctb |
| 700 1# - ADDED ENTRY--PERSONAL NAME |
| Personal name |
Wall-Romana, Christophe, |
| Relator term |
contributor. |
| Relator code |
ctb |
| -- |
https://id.loc.gov/vocabulary/relators/ctb |
| 700 1# - ADDED ENTRY--PERSONAL NAME |
| Personal name |
Wild, Jennifer, |
| Relator term |
contributor. |
| Relator code |
ctb |
| -- |
https://id.loc.gov/vocabulary/relators/ctb |
| 776 0# - ADDITIONAL PHYSICAL FORM ENTRY |
| Qualifying information |
print |
| International Standard Book Number |
9789089642929 |
| 856 40 - ELECTRONIC LOCATION AND ACCESS |
| Uniform Resource Identifier |
<a href="https://doi.org/10.1515/9789048513840?locatt=mode:legacy">https://doi.org/10.1515/9789048513840?locatt=mode:legacy</a> |
| Public note |
Open Access |
| -- |
0 |
| 856 40 - ELECTRONIC LOCATION AND ACCESS |
| Uniform Resource Identifier |
<a href="https://www.degruyter.com/isbn/9789048513840">https://www.degruyter.com/isbn/9789048513840</a> |
| Public note |
Open Access |
| -- |
0 |
| 856 42 - ELECTRONIC LOCATION AND ACCESS |
| Materials specified |
Cover |
| Uniform Resource Identifier |
<a href="https://www.degruyter.com/document/cover/isbn/9789048513840/original">https://www.degruyter.com/document/cover/isbn/9789048513840/original</a> |
| 942 ## - ADDED ENTRY ELEMENTS (KOHA) |
| Koha item type |
E-Book |